دليلك سيدتى : دليل المرأة . اطفالنا والاخطار / (Record no. 64750)
[ view plain ]
| 000 -الفاتح | |
|---|---|
| حقل البيانات ثابتة الطول | 00741nam a2200241Ia 4500 |
| 005 - وقت وتاريخ اخر تعامل مع التسجيلة | |
| رقم الضبط | 20240530110748.0 |
| 008 - عناصر البيانات ثابتة الطول - معلومات عامة | |
| حقل البيانات ثابتة الطول | 140319s9999 xx 000 0 ara d |
| 040 ## - مصدر الفهرسة | |
| وكالة الفهرسة الأصلية | GCL / |
| وكالة النسخ | GCL |
| 082 04 - رقم تصنيف ديوى العشرى | |
| رقم التصنيف | 640 \ |
| رقم المادة | ش د |
| 100 1# - المدخل الرئيسى - إسم شخصى | |
| الإسم الشخصى | الشركة الشرقية للمطبوعات |
| 245 10 - بيان العنوان | |
| العنوان | دليلك سيدتى : دليل المرأة . اطفالنا والاخطار / |
| بيان المسئوليه,etc | الشركة الشرقية للمطبوعات |
| 490 ## - بيان السلسلة | |
| عنوان السلسلة | دليلك سيدتى |
| رقم المجلد/ التعيين التسلسلي | 0 |
| 650 04 - المدخل الاضافى بالموضوع-مصطلح موضوعى | |
| مصطلح موضوعي | المرأة |
| 650 04 - المدخل الاضافى بالموضوع-مصطلح موضوعى | |
| مصطلح موضوعي | الزواج |
| 650 04 - المدخل الاضافى بالموضوع-مصطلح موضوعى | |
| مصطلح موضوعي | الشعر |
| 650 04 - المدخل الاضافى بالموضوع-مصطلح موضوعى | |
| مصطلح موضوعي | النساء |
| 650 04 - المدخل الاضافى بالموضوع-مصطلح موضوعى | |
| مصطلح موضوعي | مستحضرات التجميل |
| 650 04 - المدخل الاضافى بالموضوع-مصطلح موضوعى | |
| مصطلح موضوعي | العطور |
| 650 04 - المدخل الاضافى بالموضوع-مصطلح موضوعى | |
| مصطلح موضوعي | الوجه |
| 650 04 - المدخل الاضافى بالموضوع-مصطلح موضوعى | |
| مصطلح موضوعي | المكياج , فن |
| 942 ## - عناصر المدخل الإضافي( كوها) | |
| مصدر التصنيف او مخطط الترفيف | Dewey Decimal Classification |
| Koha [default] item type | كتاب |
| حالة التراجع | حالة الفقد | مصدر التصنيف او خطة الترفيف | حالة تلف | ليس للاعارة | المكان المؤقت | الموقع الحالى | تاريخ الاكتساب | اجمالي اﻻعارات | رقم الطلب | الباركود | تاريخ اخر مشاهدة | تاريخ تفعيل السعر | نوع وعاء كوها |
|---|---|---|---|---|---|---|---|---|---|---|---|---|---|
| ddc | مكتبة القاهرة الكبرى | مكتبة القاهرة الكبرى | 12/10/2018 | 640 \ ش د | 165231 | 12/10/2018 | 12/10/2018 | كتاب | |||||
| ddc | مكتبة القاهرة الكبرى | مكتبة القاهرة الكبرى | 12/10/2018 | 640 \ ش د | 165232 | 12/10/2018 | 12/10/2018 | كتاب | |||||
| ddc | مكتبة القاهرة الكبرى | مكتبة القاهرة الكبرى | 12/10/2018 | 640 \ ش د | 165233 | 12/10/2018 | 12/10/2018 | كتاب |

